000 00557nam a2200205Ia 4500
005 20250923150000.0
008 008 250917s9999 xx 000 0 eng d
037 _aTextual
040 _aDSWL
_beng
_cDSWL
041 _aeng
_2eng
084 _aY720aZ, N97
_qDSWL
100 _aSaxena, D.R.
_9840968
245 0 _aTribals and the Law
_c by D.R. Saxena
260 _aNew Delhi
_bDeep & Deep Pub.
_c1997
300 _axi,332 p.
365 _aINR
_b580.00
925 _g580.00
942 _cTEXL
_hY720aZ, N97
999 _c1458107
_d1458107